| 000 | 00742cam a2200217 4500 | ||
|---|---|---|---|
| 001 | WB3732-02 | ||
| 008 | 010822n2001 000 0 eng u | ||
| 035 | _a(Sirsi) u114265 | ||
| 245 | _aIndustry shrugs off slump fear | ||
| 260 | _c2001 | ||
| 490 |
_aConstruction News _v(6729) 16 August 2001, 2(1) |
||
| 520 | _aThe Construction Confederation's construction trends survey for 2Q 2001 indicates moderate growth across the industry. Work in hand is above normal and confederation members are optimistic about output in the coming year. | ||
| 590 | _aWB | ||
| 650 | _aCONSTRUCTION CONFEDERATION | ||
| 650 | _aSURVEY | ||
| 650 | _aTRENDS | ||
| 650 | _aPROSPECTS | ||
| 650 | _aECONOMY | ||
| 690 | _aBUILT ENVIRONMENT | ||
| 942 | _n0 | ||
| 999 |
_c68061 _d68061 |
||